Most Obese African Countries - Statistics

General Stats
  • This quiz has been taken 70 times
    40 since last reset
  • The average score is 11 of 15
Answer Stats
Obesity Rate Country % Correct
28.3% South Africa
100%
32.0% Egypt
97%
26.1% Morocco
97%
27.4% Algeria
95%
32.5% Libya
92%
26.9% Tunisia
89%
17.2% Namibia
70%
18.9% Botswana
68%
16.5% Eswatini
68%
16.6% Lesotho
68%
15.5% Zimbabwe
62%
12.7% Mauritania
59%
13.5% Djibouti
57%
14.0% Seychelles
57%
15.0% Gabon
41%
No matching quizzes found
Score Distribution
Percent of People with Each Score
Percentile by Number Answered
Your Score History
You have not taken this quiz since the last reset